Statistiques concernant Culture Générale - Série 1947

Cliquez ici pour prendre le quiz!

Statistiques générales

  • Ce quiz a été pris 87 fois
  • Le résultat moyen est 4 sur 10

Statistiques - réponses

QuestionRéponse% Correct
150 en chiffres romainsCL
86%
A quel pont de Paris Guillaume Apollinaire est-il associé dans un poème ?Mirabeau
73%
Quel fruit est la "crassane" ?poire
63%
Quel instrument sert à mesurer la vitesse du vent ?anémomètre
56%
Dans quel pays d'Afrique l'arganier est-il un arbre endémique ? voir photoMaroc
38%
Quel écrivain d'Amérique du Sud a été prix Nobel de Littérature en 1971 ?Pablo Neruda
35%
Dans la mythologie grecque, comment appelait-on les nymphes des fleuves ?naiades
23%
Quelle est la cinquième saveur détectée par la langue, après le salé, le sucré, l'acide et l'amer ?umami
23%
Complétez le titre du livre de Henry de Montherlant, écrit en 1942 : "La reine ....morte
19%
Dans l'Antiquité, comment appelait-on l'épouse d'un citoyen romain ?matrone
9%

Distribution des résultats

Percentile par nombre de réponses

% des personnes avec chaque résultat

Votre développement - résultats

Vous n’avez pas pris ce quiz